01390nam a2200289 i 45000010005000000030009000050050017000140080041000310170050000720200018001220240023001400800026001631000046001892450085002352600122003203000028004424900110004705040038005806510044006187100066006627100066007288300117007948520029009119420023009409990015009639520122009789057ES-MaACL20250801063011.0930202s1990 sp ||||1| spa d aM 43772-1990bOficina Depósito Legal Madrid a84-7232-569-57 a028-90-020-82nipo a27(460:64)"1907/1909"1 aAllendesalazar, José Manueleaut92002013aLa diplomacia española y Marruecos, 1907-1909 / cJosé Manuel Allendesalazar aMadrid : bAgencia Española de Cooperación Internacional, Instituto de Cooperación con el Mundo Árabe, c1990 a274 páginas ; c25 cm1 aBiblioteca diplomática española. pEstudios (Agencia Española de Cooperación Internacional) ;v7 aBibliografía: páginas 261-264 4aEspaña-xRelaciones-zMarruecos984702 aAgencia Española de Cooperación Internacional.eedt912662 aInstituto de Cooperación con el Mundo Árabe.eedt9163366 0aBiblioteca diplomática española. pEstudios (Agencia Española de Cooperación Internacional) ;v79241466 aES-MaACLcDEPO2jL-16463 2udccMONOGRAFIAn0 c9057d9057 00104070aATENEOMbATENEOMcDEPO2d2008-01-17eSCl0oL-16463p1009245r2023-02-23 00:00:00w2023-02-23yMONOGRAFIA